000 02580cam a22005774i 4500
003 PE-LiUPU
005 20250731165606.0
008 150706s r 000 0 d
020 _a8495273934
035 _a(Sirsi) i9788495273932
040 _aPE-LiUPU
_bspa
_cPE-LiUPU
_erda
049 _aPRUA
082 0 4 _a720.03
_bG29
_221
100 1 _aGausa, Manuel,
_eautor.
245 1 0 _aDiccionario metápolis de arquitectura avanzada :
_bciudad y tecnología en la sociedad de la información /
_cManuel Gausa . [et al.] .
264 1 _aBarcelona :
_bACTAR,
_c[2001] .
300 _a624 páginas :
_bilustraciones a color y n. ;
_c24 centímetros
336 _atext
_2rdacontent
337 _aunmediated
_2rdamedia
338 _avolume
_2rdacarrier
500 _aTít. tomado de la cub.
505 0 _aDesde la letra A hasta la letra Z.
526 _aSEG44
526 _aSEG26
526 _aP151
526 _aP150
526 _aP149
526 _aP146
526 _aP145
526 _aP126
526 _aP125
526 _aP92
526 _aP75
526 _aP74
526 _aP27
526 _aP15
541 _g004-000770;
541 _g015-0011556;
650 0 4 _aArquitectura moderna
_vDiccionarios.
650 0 4 _aUrbanismo
_vDiccionarios.
700 1 _aGuallart, Vicente,
_eautor.
700 1 _aMoller, Willy,
_eautor.
910 _bjv
_cjvm
_d20100510
942 _2ddc
_cBOOK
949 _aRC 720.03 G29
_wDEWEY
_c1
_i61590
_d2016-4-14
_e2015-11-6
_lCCODEBUL1
_mBUL
_n1
_p126.00
_r0
_sY
_tBOOK
_u2015-7-6
_xINGENIERIA
_PP06
_0COMPRA
_o.CIRCNOTE. No olvidar cambiar la fecha de devolución!!!!!!!
_o.STAFF. Colección General
949 _aRC 720.03 G29
_wDEWEY
_c2
_i66326
_d2016-4-11
_e2016-3-29
_lCCODEBUL1
_mBUL
_n2
_p75.00
_r0
_sY
_tBOOK
_u2015-7-6
_xINGENIERIA
_PP06
_0COMPRA
_o.CIRCNOTE. No olvidar cambiar la fecha de devolución!!!!!!!
_o.STAFF. Colección General
994 _aC0
_bPEPRU
596 _a1
999 _aRC 720.03 G29
_wDEWEY
_c50777
_i61590
_d50777
_e2015-11-6
_f2021-11-9
_g7
_lCCODEBUL1
_mBUL
_n1
_p126.00
_q1
_r0
_sY
_tBOOK
_u2015-7-6
_xINGENIERIA
_PP06
_0COMPRA
_o.CIRCNOTE. No olvidar cambiar la fecha de devolución!!!!!!!
_o.STAFF. Colección General
999 _aRC 720.03 G29
_wDEWEY
_c2
_i66326
_d2016-4-11
_e2016-3-29
_f2021-11-9
_g7
_lCCODEBUL1
_mBUL
_n2
_p75.00
_r0
_sY
_tBOOK
_u2015-7-6
_xINGENIERIA
_PP06
_0COMPRA
_o.CIRCNOTE. No olvidar cambiar la fecha de devolución!!!!!!!
_o.STAFF. Colección General
980 _81
_gALBERTO SANCHEZ Responsable de Automatización